LEADER 01175nam a2200265 i 4500 001 000000173976 003 CaOOAMICUS 005 20080807000000.0 008 080807s2007 it u000 u ita u 013 $a151430 040 $aSeMil$bita 100 1 $aArciconfraternita dei SS. Ambrogio e Carlo.$0(OLS)http://semarc/name/36560 245 10$aCappella Auxilium christianorum. 260 $aRoma :$bArciconfraternita dei SS. Ambrogio e Carlo,$c2007. 300 $a59 p. :$bper la gran parte ill. ;$c24 cm. 490 0 $aCatechesi in immagini 500 $aEstratto dai libri della medesima coll. - Dono del Card. Dionigi Tettamanzi. 650 4$aRoma - Chiese - Basilica dei Santi Ambrogio e Carlo al Corso.$0(OLS)http://semarc/subject/24504 830 0$aCatechesi in immagini.$0(OLS)http://semarc/title/26140 850 $aSeMil 852 $aSeMil$W1$xVenegono$y1$m3P IV 307$j124821$B124821$CSeMilBibl$Z2$F136270 $81 941 1 $a5 961 $aOmaggio: Tettamanzi Card. Dionigi 996 $6245$aCappella Auxilium christianorum$9(OLS)http://semarc/title/249319 996 $6260$aRoma :$bArciconfraternita dei SS. Ambrogio e Carlo$9(OLS)http://semarc/publisher/35219 LEADER 01111nam a2200229 4500 001 000000341579 003 CaOOAMICUS 005 20200818145402.0 008 200818s1872 it a 000 u ita r 040 $aSeMil$bita 100 11$aFiguier, Louis,$d<1819-1894>.$0(OLS)http://semarc/name/22737 245 03$aLa terra prima del diluvio /$cdi Luigi Figuier ; traduzione del dottore Camillo Marinoni, con numerose note ed aggiunte ; con 25 vedute ideali di paesaggi del mondo antidiluviano disegnate da Riou. 264 1$aMilano :$bE. Treves,$c1872. 300 $aXVI, 236 p. :$bill. ;$c31 cm 650 4$aEre geologiche.$0(OLS)http://semarc/subject/49415 700 1 $aMarinoni, Camillo,$d<1845-1882>.$0(OLS)http://semarc/name/90236 700 1 $aRiou, Édouard,$d<1833-1900>,$edisegnatore.$0(OLS)http://semarc/name/83197 850 $aSeMil 852 $aSeMil$W1$xVenegono$y1$m3XF VI 9/1 FA$j220801$B232589$CSeMilBibl$Z2$F232589 $8I 996 $6245$aLa terra prima del diluvio$9(OLS)http://semarc/title/430544 996 $6264$aMilano :$bE. Treves$9(OLS)http://semarc/publisher/43262